Derecho de la información (Record no. 150509)
[ view plain ]
| 000 -LEADER | |
|---|---|
| fixed length control field | nam a22 7a 4500 |
| 005 - DATE AND TIME OF LATEST TRANSACTION | |
| control field | 20190820135300.0 |
| 008 - FIXED-LENGTH DATA ELEMENTS--GENERAL INFORMATION | |
| fixed length control field | 190820b ag ||||| |||| 00| 0 spa d |
| 020 ## - INTERNATIONAL STANDARD BOOK NUMBER | |
| International Standard Book Number | 9879557271 |
| 050 04 - LIBRARY OF CONGRESS CALL NUMBER | |
| Classification number | KHA4370 |
| Item number | N47 1999 |
| 100 1# - MAIN ENTRY--PERSONAL NAME | |
| Personal name | Nespral, Bernardo. |
| 245 10 - TITLE STATEMENT | |
| Title | Derecho de la información |
| Remainder of title | : periodismo, deberes y responsabilidades |
| Statement of responsibility, etc | / Bernardo Nespral ; prólogo de Dario Villarruel. |
| 250 ## - EDITION STATEMENT | |
| Edition statement | 1a ed. |
| 260 ## - PUBLICATION, DISTRIBUTION, ETC. (IMPRINT) | |
| Place of publication, distribution, etc | Buenos Aires, Argentina : |
| Name of publisher, distributor, etc | B de F, Julio César Faira Editor, |
| Date of publication, distribution, etc | 1999. |
| 300 ## - PHYSICAL DESCRIPTION | |
| Extent | xx, 362 p. ; |
| Dimensions | 23 cm. |
| 504 ## - BIBLIOGRAPHY, ETC. NOTE | |
| Bibliography, etc | Bibliografía : p. 355-362. |
| 650 #7 - SUBJECT ADDED ENTRY--TOPICAL TERM | |
| Source of heading or term | lemb |
| Topical term or geographic name as entry element | Libertad de información |
| Geographic subdivision | Argentina |
| 650 #4 - SUBJECT ADDED ENTRY--TOPICAL TERM | |
| Topical term or geographic name as entry element | Periodistas |
| General subdivision | Condiciones jurídicas |
| Geographic subdivision | Argentina |
| 650 #7 - SUBJECT ADDED ENTRY--TOPICAL TERM | |
| Source of heading or term | lemb |
| Topical term or geographic name as entry element | Prensa |
| General subdivision | Legislación |
| Geographic subdivision | Argentina |
| 700 1# - ADDED ENTRY--PERSONAL NAME | |
| Personal name | Villarruel, Dario, |
| Relator term | prologuista |
| 942 ## - ADDED ENTRY ELEMENTS (KOHA) | |
| Source of classification or shelving scheme | Biblioteca del Cogreso de los Estados Unidos |
| Koha item type | Libro |
| Estado de pérdida | Fuente de clasificación | Estado del daño | No para préstamo | Ubicación permanente | Ubicación actual | Apartado o colección | Fecha de adquisición | Fuente de adquisición | Edición | Dependencia de educación superior (DES) | Área del conocimiento | Clasificación | Código de Barras | Date last seen | Número de copia | Costo por reposición | Tipo de recurso |
|---|---|---|---|---|---|---|---|---|---|---|---|---|---|---|---|---|---|
| Biblioteca del Cogreso de los Estados Unidos | Biblioteca del Posgrado en Derecho | Biblioteca del Posgrado en Derecho | Colección Ernesto Villanueva | 20/08/2019 | Donación | 1a ed. | Derecho | Ciencias Sociales y Administrativas | KHA4370 N47 1999 | BPD000000559 | 20/08/2019 | 1 | 1.00 | Libro |